Economics

Bewaard in:
Bibliografische gegevens
Hoofdauteurs: Lipsey, Richard G. (autor), Steiner, Peter O (Auteur)
Formaat: Boek
Taal:Engels
Gepubliceerd in: Nueva York Harper & Row 1978
Editie:5a. ed
Onderwerpen:
Tags: Voeg label toe
Geen labels, Wees de eerste die dit record labelt!

MARC

LEADER 00000nam a2200000 a 4500
001 UCR7611
003 CL-VaPUC
008 980519e19780000US |||||||||||||||||eng|d
082 0 4 |a 330  |b LIP  |2 21 
100 |a Lipsey, Richard G.  |e autor  |9 560997 
700 0 |a Steiner, Peter O  |e author  |9 408930 
245 1 0 |a Economics 
250 |a 5a. ed 
300 |a 927 p 
942 |c BK 
945 |d 19980519 00:00:00  |a crobeson 
260 |a Nueva York  |b Harper & Row  |c 1978 
650 0 |a Economía   |9 255568 
650 0 |a Teoría económica  |9 315055 
650 0 |a Ciencias sociales   |9 256351 
650 0 |a Estadística   |9 259535 
583 |a last modification  |c 19980519 00:00:00  |k Rodrigo Vera 
999 |c 269202  |d 269200